The Thermal Properties of Solids / (Record no. 182973)
[ view plain ]
| 000 -LEADER | |
|---|---|
| fixed length control field | 00665 a2200169 4500 |
| 003 - CONTROL NUMBER IDENTIFIER | |
| control field | Nust |
| 005 - DATE AND TIME OF LATEST TRANSACTION | |
| control field | 20221021125033.0 |
| 040 ## - CATALOGING SOURCE | |
| Transcribing agency | Nust |
| 082 ## - DEWEY DECIMAL CLASSIFICATION NUMBER | |
| Classification number | 620.11296,GOL |
| 100 ## - MAIN ENTRY--PERSONAL NAME | |
| Personal name | Goldsmid .H.J |
| 9 (RLIN) | 101093 |
| 245 ## - TITLE STATEMENT | |
| Title | The Thermal Properties of Solids / |
| Statement of responsibility, etc. | H.J Goldsmid |
| 260 ## - PUBLICATION, DISTRIBUTION, ETC. | |
| Place of publication, distribution, etc. | London |
| Name of publisher, distributor, etc. | Routeledge |
| Date of publication, distribution, etc. | 1965 |
| 300 ## - PHYSICAL DESCRIPTION | |
| Extent | 72:p |
| 505 ## - FORMATTED CONTENTS NOTE | |
| Formatted contents note | Thermal Properties and Their Measurement (Page-1), Insulator, Metals and Semiconductors (Page-19), Properties of the Crystal Lattics (Page-30), The Specific Heat and Thermal Conductivity of Metals (Page-47), Thermal Effects in Semiconductors (Page-54) |
| 650 ## - SUBJECT ADDED ENTRY--TOPICAL TERM | |
| Topical term or geographic name entry element | Thermal Properties of Solids |
| 9 (RLIN) | 101094 |
| 942 ## - ADDED ENTRY ELEMENTS (KOHA) | |
| Source of classification or shelving scheme | |
| Koha item type | Book |
| Withdrawn status | Lost status | Source of classification or shelving scheme | Damaged status | Not for loan | Permanent Location | Current Location | Shelving location | Date acquired | Full call number | Barcode | Date last seen | Price effective from | Koha item type | Public note |
|---|---|---|---|---|---|---|---|---|---|---|---|---|---|---|
| Military College of Signals (MCS) | Military College of Signals (MCS) | General Stacks | 12/12/2016 | 620.11296,GOL | MCS22125 | 12/08/2016 | 12/12/2016 | Book | Almirah No.27, Shelf No.5 | |||||
| Military College of Signals (MCS) | Military College of Signals (MCS) | General Stacks | 12/12/2016 | 620.11296,GOL | MCS22280 | 12/08/2016 | 12/12/2016 | Book | Almirah No.27, Shelf No.5 |
